01406nam a2200373 a 4500001001200000003000800012006001900020007001500039008004100054010001700095020004100112020003800153020003600191020003300227020002700260040002100287035002100308043001200329050002800341082001800369100003000387245006300417260005200480300001100532440002300543504005100566533015200617600003300769650004100802655002900843710001700872856012600889999001701015ebr10651003CaPaEBRm u cr cn|||||||||100920s2011 ilu sb 001 0beng d z 2010040228 z9780252036095 (hardcover alk. paper) z0252036093 (hardcover alk. paper) z9780252078002 (pbk. alk. paper) z0252078004 (pbk. alk. paper) z9780252093128 (e-book) aCaPaEBRcCaPaEBR a(OCoLC)724308262 an-us---14aML410.C3293bW54 2011eb04a780.92aB2221 aWierzbicki, James Eugene.10aElliott Carterh[electronic resource] /cJames Wierzbicki. aUrbana :bUniversity of Illinois Press,cc2011. a122 p. 0aAmerican composers aIncludes bibliographical references and index. aElectronic reproduction.bPalo Alto, Calif. :cebrary,d2013.nAvailable via World Wide Web.nAccess may be limited to ebrary affiliated libraries.10aCarter, Elliott,d1908-2012. 0aComposerszUnited StatesvBiography. 7aElectronic books.2local2 aebrary, Inc.40uhttp://site.ebrary.com/lib/rucke/Doc?id=10651003zAn electronic book accessible through the World Wide Web; click to view c73864d73864